Observatori de politiques educatives locals : informe 2006 informe 2006
ISBN:
978-84-9803-198-0
Descripción Física:
131 pàgines ; 30 cm
Colección:
Documents de Treball. Educació
; 2
MARC
| LEADER | 00000nam a2200000Ia 4500 | ||
|---|---|---|---|
| 001 | 19056 | ||
| 008 | 160829s2007 xx 000 0 cat d | ||
| 020 | |a 978-84-9803-198-0 | ||
| 020 | |a 84-9803-198-0 | ||
| 040 | |a BGR |b cat | ||
| 080 | |a E-1-280 | ||
| 245 | 0 | 0 | |a Observatori de politiques educatives locals : |b informe 2006 |
| 260 | |a Barcelona : |b Diputació de Barcelona. Àrea d'Educació, |c març del 2007 | ||
| 300 | |a 131 pàgines ; |c 30 cm | ||
| 490 | |a Documents de Treball. Educació ; |v 2 | ||
| 504 | |a Referències bibliogràfiques | ||
| 651 | 1 | 0 | |a Barcelona (Catalunya : Província) |x Política educativa |9 53806 |
| 710 | |9 8009 |a Barcelona (Catalunya : Província). |b Àrea d'Educació | ||
| 901 | |a Arxiu | ||
| 942 | |c ARXIU |2 udc |n 1 | ||
| 952 | |0 0 |1 0 |4 0 |6 E1280 |7 1 |9 52253 |a Arxiu |b Arxiu |d 2016-12-01 |l 0 |o E-1-280 |p 19056 |r 2016-12-01 00:00:00 |w 2016-12-01 |y ARXIU | ||
| 952 | |0 0 |1 0 |4 0 |6 PDL |7 1 |9 62562 |a Arxiu |b Arxiu |d 2022-06-29 |o PDL |p 26081 |r 2022-06-29 00:00:00 |w 2022-06-29 |y ARXIU |z Donatiu BGR | ||
| 999 | |c 56101 |d 56101 | ||